000 00390nam a2200145Ia 4500
008 231129s2003||||xx |||||||||||||| ||spa||
020 _a956-7940-19-3
040 _bspa
082 _aCh863 S684l
100 _aSolar Suryavan
245 0 _aLobo blanco
260 _c2003
264 _aBogotá Colombia : Cóndor Blanco Ediciones
942 _2ddc
_cBKS
999 _c19412
_d19412